[Event "Olimpiai Reménységek, fiú 12"]
[Site "Tapolca"]
[Date "2022.06.23"]
[Round "1.1"]
[White "Lehocz, Jozsef Jr"]
[Black "Janosi, Bence"]
[Result "1-0"]
[WhiteElo "1963"]
[BlackElo "1408"]
[PlyCount "116"]
[EventDate "2022.02.23"]
[EventType "swiss"]
[EventRounds "7"]
[EventCountry "HUN"]

1. c4 e5 2. d3 Nc6 3. Nf3 Nf6 4. Nc3 d6 5. g3 Be7 6. Bg2 O-O 7. O-O Bd7 8. Bd2
Qc8 9. Re1 h6 10. Rc1 Be6 11. Qa4 Bd7 12. Nd5 Re8 13. Qc2 a5 14. a3 Bh3 15.
Bxh3 Qxh3 16. Nxc7 Ng4 17. e3 e4 18. dxe4 Nce5 19. Qd1 Nd3 20. Rf1 Nde5 21. Re1
Nd3 22. Qe2 Nxe1 23. Qxe1 Nf6 24. Nxa8 Rxa8 25. Bxa5 Nxe4 26. Bc3 Qf5 27. Qe2
Nxc3 28. Rxc3 Bf6 29. Rb3 Qe4 30. Kg2 g5 31. Qd3 Qc6 32. Qd5 Qxd5 33. cxd5 Ra7
34. Rb6 Kf8 35. Nd4 Bxd4 36. exd4 Ke7 37. Kf3 Kd7 38. Rb3 f5 39. g4 fxg4+ 40.
Kxg4 Kc7 41. Rc3+ Kd7 42. b4 Ra8 43. Rf3 Ke7 44. Kh5 Rg8 45. Kxh6 g4 46. Rf4
Rh8+ 47. Kg5 Rxh2 48. Kxg4 Rg2+ 49. Kf3 Rh2 50. Ke4 Rh3 51. Rf3 Rh4+ 52. Kd3 b5
53. Re3+ Kd7 54. Rg3 Kc8 55. Rg6 Kc7 56. Rg7+ Kb6 57. Ke3 Rh5 58. Ke4 Rh4+ 1-0

[Event "Olimpiai Reménységek, fiú 12"]
[Site "Tapolca"]
[Date "2022.06.23"]
[Round "1.3"]
[White "Karacsonyi, Bank"]
[Black "Horvath, Matyas Sandor"]
[Result "0-1"]
[WhiteElo "1812"]
[BlackElo "1376"]
[PlyCount "99"]
[EventDate "2022.02.23"]
[EventType "swiss"]
[EventRounds "7"]
[EventCountry "HUN"]

1. e4 d6 2. d4 Nf6 3. Nc3 g6 4. Be3 Bg7 5. Qd2 Ng4 6. Bg5 h6 7. Bh4 c6 8. h3
Nf6 9. O-O-O b5 10. Qe3 b4 11. Na4 Nbd7 12. Bc4 Nb6 13. Nxb6 axb6 14. Bxf6 exf6
15. Qb3 O-O 16. Qxb4 b5 17. Bb3 Re8 18. d5 c5 19. Qxb5 Rxe4 20. Nf3 Ba6 21. Qc6
h5 22. a3 Be2 23. Rde1 f5 24. Nd2 Bh6 25. f3 Bxd2+ 26. Kb1 Bxe1 27. fxe4 Ra6
28. Qb7 Rb6 29. Qa7 Bh4 30. exf5 Qb8 31. Qa4 c4 32. fxg6 cxb3 33. gxf7+ Kf8 34.
Qxh4 bxc2+ 35. Kc1 Rxb2 36. Qf6 Rb1+ 37. Kd2 c1=Q+ 38. Rxc1 Rb2+ 39. Ke1 Ba6
40. Qh8+ Kxf7 41. Rc7+ Kg6 42. Rg7+ Kf5 43. Qxh5+ Ke4 44. Rg4+ Kd3 45. Qf5+ Kc3
46. Rg3+ Kd4 47. Qf6+ Kc5 48. Qc3+ Bc4 49. Qe3+ Kb5 50. Rg4 0-1

[Event "Olimpiai Reménységek, fiú 12"]
[Site "Tapolca"]
[Date "2022.06.24"]
[Round "4.2"]
[White "Berla, Zoltan Mate"]
[Black "Lehocz, Jozsef Jr"]
[Result "1/2-1/2"]
[WhiteElo "1454"]
[BlackElo "1963"]
[PlyCount "75"]
[EventDate "2022.02.23"]
[EventType "swiss"]
[EventRounds "7"]
[EventCountry "HUN"]

1. e4 b6 2. d4 Bb7 3. Bd3 e6 4. Nf3 Nf6 5. Nbd2 d5 6. Qe2 Be7 7. e5 Nfd7 8. c3
c5 9. O-O Nc6 10. b3 Qc7 11. Bb2 h6 12. Bb5 a6 13. Bxc6 Bxc6 14. c4 O-O 15.
cxd5 Bxd5 16. Rac1 Qb7 17. Rfe1 Rfd8 18. Ba3 Rac8 19. Ne4 Bf8 20. Bb2 b5 21.
Nfd2 Qa7 22. Nc3 Bb7 23. d5 b4 24. dxe6 fxe6 25. Nce4 Nb6 26. Qg4 Bd5 27. Qg6
Be7 28. Nf6+ Bxf6 29. exf6 Qf7 30. Qg3 g6 31. Qh4 Kh7 32. Nf3 Bxf3 33. gxf3 Rd2
34. Be5 Nd5 35. Rc4 Rxa2 36. Qxh6+ Kxh6 37. Rh4+ Kg5 38. Ree4 1/2-1/2

[Event "Olimpiai Reménységek, fiú 12"]
[Site "Tapolca"]
[Date "2022.06.24"]
[Round "4.4"]
[White "Kasa, Barnabas"]
[Black "Karacsonyi, Bank"]
[Result "0-1"]
[WhiteElo "1320"]
[BlackElo "1812"]
[PlyCount "121"]
[EventDate "2022.02.23"]
[EventType "swiss"]
[EventRounds "7"]
[EventCountry "HUN"]

1. e4 e5 2. Nf3 Nc6 3. Bc4 Bc5 4. b4 Bxb4 5. c3 Ba5 6. d4 d6 7. O-O Bb6 8. dxe5
dxe5 9. Qb3 Qf6 10. a4 Na5 11. Qb5+ c6 12. Qxe5+ Qxe5 13. Nxe5 Nxc4 14. Nxc4
Bc5 15. Ba3 Bxa3 16. Nbxa3 Ke7 17. e5 Be6 18. Rab1 b6 19. f4 Nh6 20. Nd6 f5 21.
Rfd1 Rad8 22. a5 b5 23. c4 a6 24. cxb5 axb5 25. Rdc1 Bd5 26. Nc2 Ra8 27. Ra1
Rhb8 28. Nb4 Kd7 29. Rc5 Ra7 30. a6 Rb6 31. Nxd5 cxd5 32. Nxb5 Rbxa6 33. Rxa6
Rxa6 34. Rc7+ Kd8 35. Rc5 Ra1+ 36. Kf2 Ng4+ 37. Kg3 Rd1 38. Rc3 d4 39. Ra3 g5
40. Ra8+ Kd7 41. Ra3 h6 42. h3 Ne3 43. e6+ Ke7 44. fxg5 hxg5 45. Ra7+ Kxe6 46.
Ra6+ Ke5 47. Kf3 Nd5 48. Ra3 Rb1 49. Na7 Rb6 50. Nc8 Rc6 51. Na7 Rc5 52. Ke2
Ke4 53. Rg3 Nc3+ 54. Kd2 f4 55. Rf3 Rc7 56. Rf1 Rxa7 57. Re1+ Kd5 58. Kd3 Ne4
59. Rb1 Ra3+ 60. Kc2 Kc4 61. Rc1 0-1

[Event "Olimpiai Reménységek, fiú 12"]
[Site "Tapolca"]
[Date "2022.06.26"]
[Round "7.4"]
[White "Horvath, Matyas Sandor"]
[Black "Baki, Bence"]
[Result "1-0"]
[WhiteElo "1376"]
[BlackElo "1550"]
[PlyCount "137"]
[EventDate "2022.02.23"]
[EventType "swiss"]
[EventRounds "7"]
[EventCountry "HUN"]

1. e4 e5 2. Nf3 Nc6 3. Bb5 a6 4. Ba4 Nf6 5. d3 b5 6. Bb3 Bc5 7. O-O d6 8. h3 h6
9. Nc3 Na5 10. Nd5 Nxb3 11. Nxf6+ Qxf6 12. axb3 O-O 13. Bd2 Be6 14. b4 Bb6 15.
Qe2 Qe7 16. Be3 f5 17. Bxb6 cxb6 18. Nd2 f4 19. Kh2 Rfc8 20. c3 a5 21. bxa5
bxa5 22. Rfc1 Bf7 23. Nf3 Bh5 24. d4 a4 25. Rg1 Ra7 26. Qd2 Kh8 27. dxe5 dxe5
28. Rad1 Bxf3 29. gxf3 Rcc7 30. Qd8+ Kh7 31. Qxe7 Rxe7 32. Rd5 Rab7 33. Rgd1 b4
34. cxb4 Rxb4 35. R1d2 Re6 36. Kg2 Rb3 37. R5d3 Reb6 38. Rxb3 Rxb3 39. Rc2 Rb5
40. Rc4 Rxb2 41. Rxa4 Rb5 42. Ra6 Kg8 43. Ra7 Rb6 44. Re7 Rb5 45. Re6 Kf7 46.
Rc6 Rb7 47. Rd6 Re7 48. h4 h5 49. Rc6 Re6 50. Rxe6 Kxe6 51. Kh3 Kd6 52. Kg2 Kc5
53. Kf1 Kd4 54. Ke2 Kc3 55. Ke1 Kc2 56. Ke2 Kc1 57. Ke1 g5 58. hxg5 h4 59. g6
h3 60. Kf1 Kd2 61. g7 h2 62. Kg2 Ke2 63. g8=Q h1=Q+ 64. Kxh1 Kxf2 65. Qe6 Kxf3
66. Qxe5 Ke3 67. Qf5 f3 68. e5 f2 69. e6 1-0

[Event "Olimpiai Reménységek, fiú 14"]
[Site "Tapolca"]
[Date "2022.06.23"]
[Round "1.1"]
[White "Kolimar, Kristof Pal"]
[Black "Panda, Barnabas"]
[Result "1-0"]
[WhiteElo "2212"]
[BlackElo "1759"]
[PlyCount "55"]
[EventDate "2022.02.23"]
[EventType "swiss"]
[EventRounds "7"]
[EventCountry "HUN"]

1. Nf3 Nf6 2. c4 e6 3. g3 d5 4. Bg2 Be7 5. O-O O-O 6. d4 dxc4 7. Qc2 a6 8. a4
Bd7 9. Rd1 Bc6 10. Nc3 a5 11. e4 Na6 12. Ne5 Nb4 13. Qe2 Qc8 14. Be3 Rd8 15.
Nxc4 b6 16. Ne5 Bb7 17. f4 c5 18. Qf2 cxd4 19. Rxd4 Rxd4 20. Bxd4 Bc5 21. Bxc5
Qxc5 22. Qxc5 bxc5 23. Rd1 Kf8 24. g4 Nc6 25. Nd7+ Nxd7 26. Rxd7 Rb8 27. e5 Ke8
28. Rxb7 1-0

[Event "Olimpiai Reménységek, fiú 14"]
[Site "Tapolca"]
[Date "2022.06.23"]
[Round "1.2"]
[White "Kramar, David"]
[Black "Bodrogi, Bendeguz"]
[Result "0-1"]
[WhiteElo "1671"]
[BlackElo "2206"]
[PlyCount "107"]
[EventDate "2022.02.23"]
[EventType "swiss"]
[EventRounds "7"]
[EventCountry "HUN"]

1. e4 c5 2. Nf3 Nc6 3. Bb5 Nf6 4. e5 Nd5 5. Bxc6 dxc6 6. O-O Bg4 7. h3 Bh5 8.
d3 e6 9. Nbd2 Be7 10. Re1 g5 11. Ne4 h6 12. a3 Qc7 13. c4 Nf4 14. Bxf4 gxf4 15.
b4 b6 16. Rb1 Rg8 17. Qe2 cxb4 18. axb4 Rd8 19. c5 Rd4 20. Nd6+ Bxd6 21. exd6
Qd8 22. Rec1 Qf6 23. Qe5 Rxg2+ 24. Kf1 Qxe5 25. Nxe5 Rg5 26. Nxc6 Rxd3 27. Nb8
Rxh3 28. Ke1 Rh1+ 29. Kd2 Rd5+ 30. Kc3 Rxc1+ 31. Rxc1 bxc5 32. d7+ Kd8 33. Kb2
Kc7 34. Na6+ Kxd7 35. Nxc5+ Ke7 36. Ra1 Rd2+ 37. Kc3 Rxf2 38. Rxa7+ Kf8 39. b5
Rf1 40. b6 Bf3 41. Nd7+ Kg7 42. Ne5 Kf6 43. Kd4 Rd1+ 44. Nd3 Be2 45. Ra3 Bxd3
46. Rxd3 Rb1 47. Kc5 e5 48. Rd6+ Kf5 49. Rxh6 e4 50. Rh5+ Kg4 51. Re5 e3 52.
Re4 Kf3 53. Re8 e2 54. Re4 0-1

[Event "Olimpiai Reménységek, fiú 14"]
[Site "Tapolca"]
[Date "2022.06.23"]
[Round "1.3"]
[White "Giang, Tran Nam"]
[Black "Megyeri, Martin"]
[Result "1/2-1/2"]
[WhiteElo "2162"]
[BlackElo "1649"]
[PlyCount "103"]
[EventDate "2022.02.23"]
[EventType "swiss"]
[EventRounds "7"]
[EventCountry "HUN"]

1. e4 c5 2. Nf3 e6 3. d4 cxd4 4. Nxd4 Nf6 5. Nc3 Nc6 6. Ndb5 d6 7. Bf4 e5 8.
Bg5 a6 9. Na3 b5 10. Nd5 Be7 11. Bxf6 Bxf6 12. c4 b4 13. Nc2 O-O 14. g3 Bg5 15.
Bg2 Be6 16. O-O Be7 17. Nxe7+ Qxe7 18. b3 a5 19. Qd3 Rfd8 20. f4 Qa7+ 21. Kh1
f6 22. f5 Bf7 23. g4 h6 24. h4 Qe7 25. Qg3 Kf8 26. Rf2 Ke8 27. Bh3 Kd7 28. Rd1
Kc7 29. Rfd2 Rab8 30. Qe3 Ra8 31. Bf1 Be8 32. a3 bxa3 33. Nxa3 Nd4 34. Nc2 Nxc2
35. Rxc2 Bc6 36. Rdc1 Rdc8 37. Bg2 Kd8 38. Rd2 Ke8 39. Rcd1 Rd8 40. Qb6 Rac8
41. c5 Qc7 42. Qxc7 Rxc7 43. cxd6 Rb7 44. Rc1 Kd7 45. Rc3 Rc8 46. Kg1 Rb4 47.
Rc5 Rb5 48. Rxb5 Bxb5 49. Rd5 Rb8 50. Kf2 Bc6 51. Rd3 Bb5 52. Rd5 1/2-1/2

[Event "Olimpiai Reménységek, fiú 14"]
[Site "Tapolca"]
[Date "2022.06.23"]
[Round "1.4"]
[White "Puskas, Mihaly"]
[Black "Matyassy, Lazar"]
[Result "1/2-1/2"]
[WhiteElo "1633"]
[BlackElo "2161"]
[PlyCount "89"]
[EventDate "2022.02.23"]
[EventType "swiss"]
[EventRounds "7"]
[EventCountry "HUN"]

1. d4 Nf6 2. c4 g6 3. Nc3 d5 4. h4 c5 5. cxd5 Nxd5 6. e4 Nxc3 7. bxc3 Bg7 8.
Bb5+ Bd7 9. Bxd7+ Qxd7 10. Be3 Nc6 11. Ne2 Rc8 12. h5 Qg4 13. Ng3 Qxd1+ 14.
Rxd1 O-O 15. hxg6 hxg6 16. O-O Rfd8 17. e5 Rd5 18. f4 cxd4 19. cxd4 Rcd8 20.
Ne2 Ra5 21. Rd2 Nb4 22. Rb2 Nd5 23. Bd2 Ra3 24. Rc1 b6 25. Nc3 Nxc3 26. Rxc3
Rxc3 27. Bxc3 e6 28. Kf2 Bf8 29. Rb3 Rc8 30. Ke3 Rc4 31. Ke4 b5 32. a3 a6 33.
Bb4 Bxb4 34. Rxb4 Rc6 35. a4 bxa4 36. Rxa4 Rb6 37. g4 Kf8 38. f5 Ke7 39. fxg6
fxg6 40. Kf4 Kf7 41. Kg5 Rc6 42. Ra5 Kg7 43. d5 exd5 44. Rxd5 Kf7 45. Ra5
1/2-1/2

[Event "Olimpiai Reménységek, fiú 14"]
[Site "Tapolca"]
[Date "2022.06.24"]
[Round "3.1"]
[White "Kolimar, Kristof Pal"]
[Black "Turcsanyi, Vince Gergo"]
[Result "1/2-1/2"]
[WhiteElo "2212"]
[BlackElo "2120"]
[PlyCount "54"]
[EventDate "2022.02.23"]
[EventType "swiss"]
[EventRounds "7"]
[EventCountry "HUN"]

1. Nf3 Nf6 2. c4 e6 3. g3 d5 4. Bg2 Be7 5. d4 O-O 6. O-O dxc4 7. Qc2 b6 8. Bg5
Nd5 9. Bxe7 Qxe7 10. Ne5 c5 11. dxc5 Qxc5 12. Qxc4 Qxc4 13. Nxc4 Ba6 14. Ne3
Bb7 15. Nxd5 Bxd5 16. Bxd5 exd5 17. Rd1 Rd8 18. Nc3 d4 19. Nb5 Nc6 20. Rac1
Rac8 21. Nxd4 Nxd4 22. Rxc8 Nxe2+ 23. Kf1 Nxg3+ 24. hxg3 Rxc8 25. Rd7 Ra8 26.
Rb7 h5 27. Kg2 g6 1/2-1/2

[Event "Olimpiai Reménységek, fiú 14"]
[Site "Tapolca"]
[Date "2022.06.24"]
[Round "3.2"]
[White "Gergely, Daniel"]
[Black "Bodrogi, Bendeguz"]
[Result "1-0"]
[WhiteElo "1964"]
[BlackElo "2206"]
[PlyCount "75"]
[EventDate "2022.02.23"]
[EventType "swiss"]
[EventRounds "7"]
[EventCountry "HUN"]

1. d4 Nf6 2. c4 c5 3. d5 e6 4. Nc3 exd5 5. cxd5 d6 6. e4 g6 7. Bd3 Bg7 8. h3
O-O 9. Nf3 Re8 10. O-O a6 11. a4 Nbd7 12. Bf4 c4 13. Bc2 Nc5 14. Re1 Nh5 15.
Bh2 Qb6 16. Rb1 Bd7 17. Nd2 Qc7 18. Nxc4 Nxe4 19. Rxe4 Rxe4 20. Nxe4 Qxc4 21.
Nxd6 Qb4 22. Qe1 Qxe1+ 23. Rxe1 Kf8 24. Nxb7 Bxb2 25. Nc5 Nf6 26. Bd3 Bd4 27.
Nxd7+ Nxd7 28. d6 Nc5 29. Bc4 Bf6 30. Bd5 Re8 31. Rd1 Nxa4 32. Bc6 Nc3 33. d7
Rd8 34. Re1 Nb5 35. Re8+ Kg7 36. Be5 Bxe5 37. Rxd8 Nd4 38. Rg8+ 1-0

[Event "Olimpiai Reménységek, fiú 14"]
[Site "Tapolca"]
[Date "2022.06.24"]
[Round "3.3"]
[White "Kossela, Peter"]
[Black "Szegedy, Matyas"]
[Result "0-1"]
[WhiteElo "1784"]
[BlackElo "2046"]
[PlyCount "114"]
[EventDate "2022.02.23"]
[EventType "swiss"]
[EventRounds "7"]
[EventCountry "HUN"]

1. d4 Nf6 2. Nf3 g6 3. b3 Bg7 4. Bb2 O-O 5. e3 d5 6. Be2 c5 7. dxc5 Qa5+ 8.
Nbd2 Nc6 9. O-O Qxc5 10. c4 Rd8 11. Rc1 Qa5 12. a3 dxc4 13. b4 Qf5 14. Bxc4 Ne4
15. Bxg7 Kxg7 16. Qe2 Nxd2 17. Nxd2 a5 18. b5 Ne5 19. Ba2 Nd3 20. Rc3 Nc5 21.
Rfc1 b6 22. Nb3 Nxb3 23. Bxb3 Bd7 24. a4 Rac8 25. Rxc8 Bxc8 26. Qc2 Qxc2 27.
Bxc2 Be6 28. Kf1 Kf6 29. Ke1 h6 30. Rb1 Rc8 31. Bb3 Bf5 32. Rb2 Rc1+ 33. Ke2
Ra1 34. Rd2 Ra3 35. Bd1 Bg4+ 36. f3 Be6 37. Rd8 Ra2+ 38. Kf1 Bc4+ 39. Kg1 Ke5
40. Rd4 Be6 41. f4+ Kf6 42. Rd8 Bf5 43. Rd4 e5 44. Rd6+ Be6 45. Kf1 exf4 46.
exf4 Kf5 47. Rxb6 Kxf4 48. Rd6 Ke3 49. Bf3 Bc4+ 50. Ke1 Rxa4 51. b6 Ra1+ 52.
Rd1 Ra2 53. Rb1 Rf2 54. Be2 Rxe2+ 55. Kd1 Rf2 56. Rb4 axb4 57. b7 Rd2+ 0-1

[Event "Olimpiai Reménységek, fiú 14"]
[Site "Tapolca"]
[Date "2022.06.24"]
[Round "3.4"]
[White "Herczeg, Marcell"]
[Black "Foldes, Marton Gabor"]
[Result "1-0"]
[WhiteElo "2045"]
[BlackElo "1991"]
[PlyCount "135"]
[EventDate "2022.02.23"]
[EventType "swiss"]
[EventRounds "7"]
[EventCountry "HUN"]

1. e4 c5 2. Nf3 Nc6 3. d4 cxd4 4. Nxd4 Qb6 5. Nb3 Nf6 6. Nc3 e6 7. Qe2 Bb4 8.
Bd2 O-O 9. a3 Be7 10. O-O-O d5 11. exd5 Nxd5 12. g3 Bf6 13. Ne4 Be5 14. Nec5
Bf6 15. Ne4 Be5 16. Qb5 Qc7 17. f4 Nd4 18. Qc4 Nxb3+ 19. Qxb3 Bd4 20. Bd3 b5
21. Nc3 Nxc3 22. Bxc3 Bxc3 23. Qxc3 Qxc3 24. bxc3 Bb7 25. Rhe1 a6 26. Be4 Bxe4
27. Rxe4 Rfc8 28. Kb2 Rc6 29. Kb3 Rac8 30. c4 f5 31. Red4 Rxc4 32. Rxc4 Rxc4
33. Rd6 a5 34. Rxe6 Rc5 35. c3 Kf7 36. Ra6 a4+ 37. Kc2 Rd5 38. Rc6 Ke7 39. Rc7+
Kf6 40. c4 bxc4 41. Rxc4 Ra5 42. Rc6+ Ke7 43. Kc3 Rb5 44. Kc2 Rb3 45. Rc3 Rb7
46. Rc4 Ra7 47. Kc3 Kd6 48. Kb4 Kd5 49. Rc5+ Ke4 50. Re5+ Kf3 51. Rxf5 Kg2 52.
Rh5 g6 53. Rh4 Kf3 54. f5 gxf5 55. Kb5 Kg2 56. Kb6 Rf7 57. Kb5 Ra7 58. Rh5 Ra8
59. Rxh7 Kf3 60. Rh4 Kg2 61. Rh5 Kg1 62. Rxf5 Kxh2 63. g4 Kg3 64. g5 Kg4 65.
Rc5 Kh5 66. Kb4 Kg6 67. Ra5 Rb8+ 68. Kxa4 1-0

[Event "Olimpiai Reménységek, fiú 14"]
[Site "Tapolca"]
[Date "2022.06.24"]
[Round "4.1"]
[White "Turcsanyi, Vince Gergo"]
[Black "Gergely, Daniel"]
[Result "1/2-1/2"]
[WhiteElo "2120"]
[BlackElo "1964"]
[PlyCount "34"]
[EventDate "2022.02.23"]
[EventType "swiss"]
[EventRounds "7"]
[EventCountry "HUN"]

1. e4 c5 2. Nf3 g6 3. d4 cxd4 4. Nxd4 Nc6 5. c4 Nf6 6. Nc3 d6 7. Be2 Nxd4 8.
Qxd4 Bg7 9. Be3 O-O 10. Qd2 a5 11. f3 a4 12. O-O Be6 13. Rac1 Qa5 14. Nd5 Qxd2
15. Bxd2 Nxd5 16. exd5 Bd4+ 17. Kh1 Bf5 1/2-1/2

[Event "Olimpiai Reménységek, fiú 14"]
[Site "Tapolca"]
[Date "2022.06.24"]
[Round "4.2"]
[White "Csernyik, Mark"]
[Black "Kolimar, Kristof Pal"]
[Result "1-0"]
[WhiteElo "1876"]
[BlackElo "2212"]
[PlyCount "65"]
[EventDate "2022.02.23"]
[EventType "swiss"]
[EventRounds "7"]
[EventCountry "HUN"]

1. e4 c5 2. Nf3 e6 3. d4 cxd4 4. Nxd4 a6 5. Nc3 Qc7 6. Bd3 Nf6 7. O-O Bc5 8.
Nb3 Be7 9. f4 d6 10. e5 dxe5 11. fxe5 Nfd7 12. Qg4 g6 13. Bf4 Nc6 14. Rae1
Ndxe5 15. Qg3 f6 16. Ne4 O-O 17. h4 Qb6+ 18. Kh1 Nxd3 19. cxd3 Kg7 20. h5 Qb5
21. h6+ Kh8 22. Bd6 Qh5+ 23. Kg1 Qxh6 24. Bxe7 Nxe7 25. Rxf6 Rxf6 26. Nxf6 Nc6
27. d4 Qg7 28. Ne8 Qf7 29. Nc7 Ra7 30. d5 b6 31. Nxe6 Ne7 32. Rf1 Nf5 33. Qc3+
1-0

[Event "Olimpiai Reménységek, fiú 14"]
[Site "Tapolca"]
[Date "2022.06.24"]
[Round "4.4"]
[White "Bodrogi, Bendeguz"]
[Black "Szakmary, Domonkos"]
[Result "1/2-1/2"]
[WhiteElo "2206"]
[BlackElo "1934"]
[PlyCount "63"]
[EventDate "2022.02.23"]
[EventType "swiss"]
[EventRounds "7"]
[EventCountry "HUN"]

1. Nf3 c5 2. c4 Nc6 3. d4 cxd4 4. Nxd4 Nf6 5. Nc3 a6 6. g3 e6 7. Bg2 Bc5 8. Nb3
Be7 9. O-O O-O 10. e4 d6 11. h3 Qc7 12. Qe2 b6 13. Be3 Rb8 14. Rac1 Ne5 15. Nd2
Bb7 16. f4 Ng6 17. Bf3 Rfe8 18. a4 Rbc8 19. Qf2 Bd8 20. Rcd1 Ba8 21. h4 Qb8 22.
h5 Nf8 23. Ra1 N6d7 24. Qe2 Bc7 25. Rfd1 Nf6 26. Bf2 Rcd8 27. Nf1 Qc8 28. Rac1
N8d7 29. Rc2 Qb8 30. Rcd2 Bb7 31. Bg2 Qa8 32. Be3 1/2-1/2

[Event "Olimpiai Reménységek, fiú 14"]
[Site "Tapolca"]
[Date "2022.06.25"]
[Round "5.1"]
[White "Gergely, Daniel"]
[Black "Csernyik, Mark"]
[Result "1/2-1/2"]
[WhiteElo "1964"]
[BlackElo "1876"]
[PlyCount "73"]
[EventDate "2022.02.23"]
[EventType "swiss"]
[EventRounds "7"]
[EventCountry "HUN"]

1. d4 Nf6 2. c4 g6 3. Nc3 Bg7 4. e4 d6 5. Be2 O-O 6. Bg5 c5 7. d5 e6 8. Qd2
exd5 9. exd5 Qb6 10. Nf3 Bf5 11. Nh4 Ne4 12. Nxe4 Bxe4 13. f3 h6 14. Bxh6 Bxh6
15. Qxh6 Qxb2 16. Rc1 Re8 17. Qe3 Qd4 18. Qxd4 cxd4 19. Kd2 Bf5 20. Nxf5 gxf5
21. c5 dxc5 22. Rxc5 Nd7 23. Rc4 Rad8 24. Rxd4 Nb6 25. d6 Re6 26. Rd1 Rexd6 27.
Rxd6 Rxd6+ 28. Ke3 Re6+ 29. Kf2 Kg7 30. Rd4 Re5 31. a4 Kf6 32. h4 Rd5 33. Rxd5
Nxd5 34. Bc4 Nc3 35. Bb3 a5 36. Ke3 b5 37. axb5 1/2-1/2

[Event "Olimpiai Reménységek, fiú 14"]
[Site "Tapolca"]
[Date "2022.06.25"]
[Round "6.1"]
[White "Turcsanyi, Vince Gergo"]
[Black "Csernyik, Mark"]
[Result "0-1"]
[WhiteElo "2120"]
[BlackElo "1876"]
[PlyCount "62"]
[EventDate "2022.02.23"]
[EventType "swiss"]
[EventRounds "7"]
[EventCountry "HUN"]

1. e4 c5 2. Nf3 d6 3. d4 cxd4 4. Nxd4 Nf6 5. Nc3 g6 6. Be3 Bg7 7. f3 O-O 8. Bc4
Nc6 9. Bb3 Bd7 10. h4 h5 11. Qd2 a6 12. O-O-O Ne5 13. g4 hxg4 14. h5 Nxh5 15.
Bh6 e6 16. Bxg7 Kxg7 17. fxg4 Nxg4 18. Rdg1 Nhf6 19. Qg5 Rh8 20. Nf3 Qb6 21.
Nd1 Qc5 22. e5 dxe5 23. Rxh8 Rxh8 24. Rxg4 Nxg4 25. Qxg4 Bc6 26. Ng5 Bd5 27. c4
b5 28. Kb1 Bxc4 29. Bc2 Bxa2+ 30. Kxa2 Qxc2 31. Nc3 Qf5 0-1

[Event "Olimpiai Reménységek, fiú 14"]
[Site "Tapolca"]
[Date "2022.06.25"]
[Round "6.3"]
[White "Megyaszai, Balazs"]
[Black "Giang, Tran Nam"]
[Result "0-1"]
[WhiteElo "1945"]
[BlackElo "2162"]
[PlyCount "104"]
[EventDate "2022.02.23"]
[EventType "swiss"]
[EventRounds "7"]
[EventCountry "HUN"]

1. e4 c5 2. Nf3 e6 3. d4 cxd4 4. Nxd4 Qb6 5. Nb3 Qc7 6. Nc3 a6 7. a4 b6 8. Bd3
Nf6 9. Bd2 Be7 10. Qe2 d6 11. O-O Nc6 12. f4 O-O 13. Rae1 Re8 14. e5 Nd7 15.
exd6 Qxd6 16. Ne4 Qc7 17. c3 Bb7 18. Qf2 g6 19. Be3 f5 20. Ned2 Bf6 21. Bc4 Kg7
22. Nd4 Nxd4 23. cxd4 Qc6 24. Qf3 b5 25. Qxc6 Bxc6 26. axb5 axb5 27. Bb3 Bd5
28. Rc1 Nb6 29. Rc5 Bxb3 30. Nxb3 Nd5 31. Bd2 Reb8 32. g3 Ra2 33. Rb1 Ra4 34.
Bc3 Kf7 35. Re1 Ra6 36. Bd2 Be7 37. Rc2 Rd8 38. Kg2 Ra2 39. Nc5 Rc8 40. Rec1
Bf6 41. Nb3 Rxc2 42. Rxc2 Ra4 43. Rc5 Bxd4 44. Rxb5 Bxb2 45. Rb7+ Kg8 46. Rb8+
Kg7 47. Kh3 Bd4 48. Bc1 Kh6 49. Re8 Bg1 50. Kg2 Be3 51. Rxe6 Ra2+ 52. Kf3 Rf2#
0-1

[Event "Olimpiai Reménységek, lány 10"]
[Site "Tapolca"]
[Date "2022.06.23"]
[Round "3.1"]
[White "Illes-Nagy, Nora"]
[Black "Ferenczy, Nora"]
[Result "1/2-1/2"]
[WhiteElo "1377"]
[BlackElo "1059"]
[PlyCount "91"]
[EventDate "2022.02.23"]
[EventType "swiss"]
[EventRounds "9"]
[EventCountry "HUN"]

1. d4 d5 2. c4 c6 3. Nc3 Nf6 4. e3 Bf5 5. Nf3 e6 6. Be2 Bb4 7. O-O O-O 8. cxd5
cxd5 9. Bd3 Bxd3 10. Qxd3 Nc6 11. Ne2 Bd6 12. Bd2 Bc7 13. Ng3 h6 14. Bc3 Rc8
15. Nd2 Qd6 16. f4 a6 17. h3 b5 18. a3 Rb8 19. b4 Ne7 20. Nf3 Bb6 21. Ne5 Rfc8
22. Bb2 Rc7 23. Rf2 Rbc8 24. Raf1 Nd7 25. Nxd7 Qxd7 26. Nh1 f5 27. g4 g6 28.
Rg2 Kh7 29. h4 Rg8 30. Rf3 h5 31. gxh5 gxh5 32. Rg5 Kh6 33. Rfg3 Rcc8 34. Qe2
Qe8 35. Rh3 Kh7 36. Ng3 Rg7 37. Rxh5+ Kg8 38. Rg5 Qc6 39. Nh5 Rxg5+ 40. hxg5
Qc2 41. Nf6+ Kg7 42. Rh7+ Kf8 43. Rh8+ Kg7 44. Rh7+ Kf8 45. Rh8+ Kg7 46. Rh7+
1/2-1/2

[Event "Olimpiai Reménységek, lány 10"]
[Site "Tapolca"]
[Date "2022.06.23"]
[Round "3.2"]
[White "Csiszar, Vivien"]
[Black "Biro, Csilla"]
[Result "0-1"]
[WhiteElo "1082"]
[BlackElo "1178"]
[PlyCount "118"]
[EventDate "2022.02.23"]
[EventType "swiss"]
[EventRounds "9"]
[EventCountry "HUN"]

1. e4 e6 2. d4 d5 3. Nd2 Nf6 4. e5 Nfd7 5. Ngf3 c5 6. c3 Nc6 7. Bd3 Be7 8. O-O
O-O 9. Re1 Qb6 10. Qa4 Re8 11. Bb5 a6 12. Bxc6 bxc6 13. Nb3 cxd4 14. cxd4 c5
15. dxc5 Bxc5 16. Nxc5 Qxc5 17. Be3 Qc7 18. Rac1 Qd8 19. Bf4 f6 20. exf6 Nxf6
21. Bc7 Qe7 22. Ne5 Bd7 23. Nc6 Qf8 24. Rc3 Ne4 25. Rcc1 Rac8 26. Bg3 Nxg3 27.
hxg3 Qd6 28. Re3 Rxc6 29. Rxc6 Qxc6 30. Qb3 Qb5 31. Qc3 Rc8 32. Qe5 Qb8 33. Qd4
Rc4 34. Qd2 Qe8 35. b3 Rc8 36. Qd4 Rc1+ 37. Kh2 Qh5+ 38. Qh4 Qxh4+ 39. gxh4 Rc2
40. Rg3 Rxf2 41. a4 Rf8 42. h5 Rd8 43. h6 g6 44. Kg1 Be8 45. Kf2 d4 46. Ke2 d3+
47. Kd2 Kf7 48. Rxd3 Rxd3+ 49. Kxd3 Bc6 50. g3 Kf6 51. Kc4 e5 52. Kd3 Kf5 53.
Ke3 e4 54. a5 Kg4 55. Kf2 Kh3 56. b4 g5 57. b5 axb5 58. a6 b4 59. a7 b3 0-1

[Event "Olimpiai Reménységek, lány 10"]
[Site "Tapolca"]
[Date "2022.06.24"]
[Round "6.1"]
[White "Csiszar, Vivien"]
[Black "Illes-Nagy, Nora"]
[Result "0-1"]
[WhiteElo "1082"]
[BlackElo "1377"]
[PlyCount "74"]
[EventDate "2022.02.23"]
[EventType "swiss"]
[EventRounds "9"]
[EventCountry "HUN"]

1. e4 c5 2. Nf3 e6 3. c3 d5 4. exd5 Qxd5 5. d4 Nc6 6. Be3 cxd4 7. cxd4 Nf6 8.
Nc3 Qd8 9. Bc4 Bb4 10. O-O O-O 11. Qc2 a6 12. Bb3 h6 13. Rad1 Ne7 14. Ne5 Nfd5
15. Ne4 Nxe3 16. fxe3 Nf5 17. Qf2 Bd6 18. Nxd6 Nxd6 19. Qf3 Qe7 20. e4 Bd7 21.
Rc1 Nb5 22. Rfd1 Rad8 23. a4 Nd6 24. Rc7 Qe8 25. a5 Bc8 26. Ra1 Nb5 27. Rc4
Nxd4 28. Qe3 Nxb3 29. Qxb3 Qe7 30. Rac1 Qd6 31. Nf3 e5 32. Rc5 Rfe8 33. R1c3
Qd7 34. Rxe5 Rxe5 35. Nxe5 Qd4+ 36. Kh1 Qd1+ 37. Qxd1 Rxd1# 0-1

[Event "Olimpiai Reménységek, lány 10"]
[Site "Tapolca"]
[Date "2022.06.24"]
[Round "6.2"]
[White "Hangay, Lilla"]
[Black "Ferenczy, Nora"]
[Result "1-0"]
[WhiteElo "1239"]
[BlackElo "1059"]
[PlyCount "79"]
[EventDate "2022.02.23"]
[EventType "swiss"]
[EventRounds "9"]
[EventCountry "HUN"]

1. e4 c5 2. Nf3 e6 3. d4 cxd4 4. Nxd4 Nc6 5. Nc3 Qc7 6. g3 Nf6 7. Bg2 Bb4 8.
O-O O-O 9. Nxc6 bxc6 10. Bd2 Bb7 11. Re1 d5 12. exd5 cxd5 13. Nxd5 Nxd5 14.
Bxd5 Bxd5 15. Bxb4 Rfd8 16. Bc3 Qc4 17. Qd4 Qxd4 18. Bxd4 a6 19. Rec1 Rac8 20.
Be3 Rc6 21. b3 Rc3 22. Bd4 Rf3 23. c4 Bc6 24. Be3 f5 25. Rd1 Rxd1+ 26. Rxd1 e5
27. Rd6 Bb7 28. Rd8+ Kf7 29. Rd7+ Ke6 30. Rxb7 f4 31. Kg2 e4 32. gxf4 Kf6 33.
c5 h6 34. c6 g5 35. c7 gxf4 36. Bd4+ Kg5 37. c8=Q h5 38. Qc5+ Kg6 39. Rg7+ Kh6
40. Qg5# 1-0